| 000 | 00363nam a2200157Ia 4500 | ||
|---|---|---|---|
| 008 | 210716s1979 xx 000 0 und d | ||
| 020 | _a0135276977 | ||
| 041 | _aeng | ||
| 082 | _a153.15 CATA | ||
| 100 | _aCatania, A Charles. | ||
| 245 | _aLearning | ||
| 250 | _a2 | ||
| 260 |
_aU S A _bPrentice Hall _c1979 |
||
| 300 | _ax,406 | ||
| 650 | _aGeneral Knowledge | ||
| 999 |
_c198929 _d198929 |
||